| 000 | 01055cam a2200325 a 4500 | ||
|---|---|---|---|
| 001 | 243544580 | ||
| 003 | OCoLC | ||
| 005 | 20240626162849.0 | ||
| 008 | 081216s2009 nyu 000 1 eng | ||
| 010 | _a2008054221 | ||
| 020 | _a9780312539511 | ||
| 020 | _a0312539517 | ||
| 035 | _a(OCoLC)243544580 | ||
| 040 |
_aDLC _cDLC _dBTCTA _dBAKER _dYDXCP _dUPZ _dIH9 _dSX@ |
||
| 049 | _aSX@A | ||
| 082 | 0 | 0 |
_a823/.914 _222 |
| 099 | _aArcher, J. | ||
| 100 | 1 |
_aArcher, Jeffrey, _d1940- |
|
| 245 | 1 | 0 |
_aPaths of glory / _cJeffrey Archer. |
| 250 | _a1st U.S. ed. | ||
| 260 |
_aNew York : _bSt. Martin's Press, _c2009. |
||
| 300 |
_a372 p. ; _c25 cm. |
||
| 520 | _aThis real-life mountaineering mystery recounts the story of Britain's George Mallory and his attempt to scale Mt. Everest. | ||
| 590 | _aardfic03/09. | ||
| 600 | 1 | 0 |
_aMallory, George, _d1886-1924 _vFiction. |
| 650 | 0 |
_aMountaineers _zGreat Britain _vFiction. |
|
| 650 | 0 |
_aMountaineering _zEverest, Mount (China and Nepal) _vFiction. |
|
| 655 | 7 |
_aBiographical fiction. _2gsafd. |
|
| 942 | _cBK | ||
| 999 |
_c29889 _d29887 |
||